How she died.

Saved in:
Bibliographic Details
Main Author: Yglesias, Helen
Format: Book
Language:English
Published: London, Heinemann, 1973.
LEADER 00747nam a2200229 4500
001 c000074443
003 CARM
005 00000000000000.0
008 730502s1973 enk 00001 eng
015 |a B73-04775 
019 1 |a 545065  |5 LACONCORD2021 
020 |a 0434892505 
035 |a (OCoLC)667591  |5 LACONCORD2021 
050 0 0 |a PZ4.Y49  |b Ho3  |a PS3575.G48 
100 1 |a Yglesias, Helen. 
245 1 0 |a How she died. 
260 |a London,  |b Heinemann,  |c 1973. 
300 |a 5, 338 p.  |c 23 cm. 
852 8 |b CARM  |h A2:AB21h0  |i B02630  |p 0103684  |f BK 
082 0 4 |a 813/.5/4 
999 f f |i 748732b3-53a1-5dbc-a396-40d3723da3cf  |s 5550cd21-ab6c-5fb8-b416-b82ed472e031 
952 f f |p Can circulate  |a CAVAL  |b CAVAL  |c CAVAL  |d CARM 1 Store  |e B02630  |f A2:AB21h0  |h Other scheme  |i book  |m 0103684